Výroba kráča na Východ Vyrobíme, vyvezieme, dovezieme - a platíme raz toľko za ten istý tovar
Orientácia textilného priemyslu na Východ. Dovoz z oblasti textilu a odevov. Finančná stratégia priemyselných podnikov. Zahraničný kapitál.
Guardado en:
| Autor principal: | |
|---|---|
| Formato: | Capítulo de libro |
| Lenguaje: | eslovaco |
| Materias: | |
| Etiquetas: |
Sin Etiquetas, Sea el primero en etiquetar este registro!
|
MARC
| LEADER | 00000naa a2200000 4500 | ||
|---|---|---|---|
| 001 | r018787 | ||
| 005 | 20221213100637.8 | ||
| 041 | 0 | |a slo | |
| 044 | |a SK | ||
| 245 | 1 | 0 | |a Výroba kráča na Východ |b Vyrobíme, vyvezieme, dovezieme - a platíme raz toľko za ten istý tovar |c Dagmar Krištofičová |
| 520 | |a Orientácia textilného priemyslu na Východ. Dovoz z oblasti textilu a odevov. Finančná stratégia priemyselných podnikov. Zahraničný kapitál. | ||
| 610 | 2 | 0 | |a podnikanie |
| 610 | 2 | 0 | |a priemysel textilný |
| 610 | 2 | 0 | |a stratégia podniková |
| 610 | 2 | 0 | |a financie |
| 610 | 2 | 0 | |a kapitál zahraničný |
| 610 | 2 | 0 | |a Slovensko |
| 610 | 2 | 0 | |a východná Európa |
| 610 | 2 | 0 | |a vývoz |
| 610 | 2 | 0 | |a dovoz |
| 610 | 2 | 0 | |a priemysel odevný |
| 100 | 1 | |a Krištofičová, Dagmar | |